<?xml version="1.0" encoding="UTF-8"?>
<record
    xmlns:xsi="http://www.w3.org/2001/XMLSchema-instance"
    xsi:schemaLocation="http://www.loc.gov/MARC21/slim http://www.loc.gov/standards/marcxml/schema/MARC21slim.xsd"
    xmlns="http://www.loc.gov/MARC21/slim">

  <leader>02218nam0a2200385 i 4500</leader>
  <controlfield tag="001">RU\NLR\BIBL_A\010720855</controlfield>
  <controlfield tag="005">20260408121301.0</controlfield>
  <datafield tag="010" ind1=" " ind2=" ">
    <subfield code="a">9785890169846</subfield>
    <subfield code="9">500</subfield>
  </datafield>
  <datafield tag="021" ind1=" " ind2=" ">
    <subfield code="a">RU</subfield>
    <subfield code="b">15-10676</subfield>
  </datafield>
  <datafield tag="035" ind1=" " ind2=" ">
    <subfield code="a">(NILC)RuMoRGB-007870283</subfield>
  </datafield>
  <datafield tag="035" ind1=" " ind2=" ">
    <subfield code="a">(NLR Aleph) 010720855</subfield>
  </datafield>
  <datafield tag="090" ind1=" " ind2=" ">
    <subfield code="a">9818909</subfield>
    <subfield code="c">9818909</subfield>
  </datafield>
  <datafield tag="100" ind1=" " ind2=" ">
    <subfield code="a">20150406d2014    k  y0rusy50      ca</subfield>
  </datafield>
  <datafield tag="101" ind1="0" ind2=" ">
    <subfield code="a">rus</subfield>
    <subfield code="a">eng</subfield>
    <subfield code="d">eng</subfield>
    <subfield code="e">rus</subfield>
    <subfield code="e">eng</subfield>
  </datafield>
  <datafield tag="102" ind1=" " ind2=" ">
    <subfield code="a">RU</subfield>
  </datafield>
  <datafield tag="105" ind1=" " ind2=" ">
    <subfield code="a">a|||z|||110yy</subfield>
  </datafield>
  <datafield tag="200" ind1="1" ind2=" ">
    <subfield code="a">&#x421;&#x442;&#x430;&#x43D;&#x43E;&#x432;&#x43B;&#x435;&#x43D;&#x438;&#x435; &#x43F;&#x440;&#x43E;&#x444;&#x435;&#x441;&#x441;&#x438;&#x438; "&#x441;&#x43E;&#x446;&#x438;&#x430;&#x43B;&#x44C;&#x43D;&#x44B;&#x439; &#x440;&#x430;&#x431;&#x43E;&#x442;&#x43D;&#x438;&#x43A;": &#x43C;&#x435;&#x442;&#x43E;&#x434;&#x43E;&#x43B;&#x43E;&#x433;&#x438;&#x438;, &#x43C;&#x43E;&#x434;&#x435;&#x43B;&#x438; &#x438; &#x442;&#x435;&#x445;&#x43D;&#x43E;&#x43B;&#x43E;&#x433;&#x438;&#x438;</subfield>
    <subfield code="d">Formation of the profession "social worker": methods, models and techniques</subfield>
    <subfield code="e">&#x43C;&#x430;&#x442;&#x435;&#x440;&#x438;&#x430;&#x43B;&#x44B; IV &#x41C;&#x435;&#x436;&#x434;&#x443;&#x43D;&#x430;&#x440;&#x43E;&#x434;&#x43D;&#x43E;&#x439; &#x43D;&#x430;&#x443;&#x447;&#x43D;&#x43E;-&#x43F;&#x440;&#x430;&#x43A;&#x442;&#x438;&#x447;&#x435;&#x441;&#x43A;&#x43E;&#x439; &#x418;&#x43D;&#x442;&#x435;&#x440;&#x43D;&#x435;&#x442;-&#x43A;&#x43E;&#x43D;&#x444;&#x435;&#x440;&#x435;&#x43D;&#x446;&#x438;&#x438;, 20-24 &#x43E;&#x43A;&#x442;&#x44F;&#x431;&#x440;&#x44F; 2014 &#x433;.</subfield>
    <subfield code="f">[&#x43E;&#x442;&#x432;. &#x440;&#x435;&#x434;. &#x41D;. &#x412;. &#x413;&#x430;&#x440;&#x430;&#x448;&#x43A;&#x438;&#x43D;&#x430;]</subfield>
    <subfield code="z">eng</subfield>
  </datafield>
  <datafield tag="210" ind1=" " ind2=" ">
    <subfield code="a">&#x422;&#x430;&#x43C;&#x431;&#x43E;&#x432;</subfield>
    <subfield code="c">&#x418;&#x437;&#x434;-&#x432;&#x43E; &#x422;&#x413;&#x423;</subfield>
    <subfield code="d">2014</subfield>
  </datafield>
  <datafield tag="215" ind1=" " ind2=" ">
    <subfield code="a">435 &#x441;.</subfield>
    <subfield code="c">&#x438;&#x43B;.</subfield>
    <subfield code="d">21</subfield>
  </datafield>
  <datafield tag="300" ind1=" " ind2=" ">
    <subfield code="a">&#x41F;&#x43E;&#x441;&#x432;&#x44F;&#x449;&#x430;&#x435;&#x442;&#x441;&#x44F; 20-&#x43B;&#x435;&#x442;&#x438;&#x44E; &#x422;&#x413;&#x423; &#x438;&#x43C;. &#x413;. &#x420;. &#x414;&#x435;&#x440;&#x436;&#x430;&#x432;&#x438;&#x43D;&#x430;</subfield>
  </datafield>
  <datafield tag="300" ind1=" " ind2=" ">
    <subfield code="a">&#x427;&#x430;&#x441;&#x442;&#x44C; &#x442;&#x435;&#x43A;&#x441;&#x442;&#x430; &#x438; &#x440;&#x435;&#x437;. &#x43D;&#x430; &#x430;&#x43D;&#x433;&#x43B;. &#x44F;&#x437;.</subfield>
  </datafield>
  <datafield tag="320" ind1=" " ind2=" ">
    <subfield code="a">&#x411;&#x438;&#x431;&#x43B;&#x438;&#x43E;&#x433;&#x440;. &#x432; &#x43A;&#x43E;&#x43D;&#x446;&#x435; &#x441;&#x442;.</subfield>
  </datafield>
  <datafield tag="510" ind1="1" ind2=" ">
    <subfield code="a">Formation of the profession "social worker": methods, models and techniques</subfield>
    <subfield code="z">eng</subfield>
  </datafield>
  <datafield tag="606" ind1="1" ind2=" ">
    <subfield code="a">&#x421;&#x43E;&#x446;&#x438;&#x430;&#x43B;&#x44C;&#x43D;&#x430;&#x44F; &#x440;&#x430;&#x431;&#x43E;&#x442;&#x430;</subfield>
    <subfield code="j">&#x421;&#x44A;&#x435;&#x437;&#x434;&#x44B;, &#x441;&#x43E;&#x432;&#x435;&#x449;&#x430;&#x43D;&#x438;&#x44F; &#x438; &#x442;.&#x43F;</subfield>
    <subfield code="x">&#x41A;&#x430;&#x434;&#x440;&#x44B;</subfield>
    <subfield code="x">&#x41F;&#x43E;&#x434;&#x433;&#x43E;&#x442;&#x43E;&#x432;&#x43A;&#x430;</subfield>
    <subfield code="9">2072660</subfield>
    <subfield code="3">RU\NLR\AUTH\661247505</subfield>
  </datafield>
  <datafield tag="686" ind1="1" ind2=" ">
    <subfield code="a">&#x423;27(2)2-640-963&#x44F;431</subfield>
  </datafield>
  <datafield tag="686" ind1="1" ind2=" ">
    <subfield code="a">&#x421;550.473&#x44F;431</subfield>
  </datafield>
  <datafield tag="686" ind1="1" ind2=" ">
    <subfield code="a">&#x447;489.1&#x44F;431</subfield>
  </datafield>
  <datafield tag="702" ind1=" " ind2="1">
    <subfield code="4">340</subfield>
    <subfield code="8">rus</subfield>
    <subfield code="7">ca</subfield>
    <subfield code="a">&#x413;&#x430;&#x440;&#x430;&#x448;&#x43A;&#x438;&#x43D;&#x430;</subfield>
    <subfield code="b">&#x41D;. &#x412;.</subfield>
    <subfield code="g">&#x41D;&#x430;&#x442;&#x430;&#x43B;&#x44C;&#x44F; &#x412;&#x43B;&#x430;&#x434;&#x438;&#x43C;&#x438;&#x440;&#x43E;&#x432;&#x43D;&#x430;</subfield>
    <subfield code="3">RU\NLR\AUTH\77122419</subfield>
    <subfield code="9">105344</subfield>
  </datafield>
  <datafield tag="711" ind1="1" ind2="2">
    <subfield code="a">"&#x421;&#x442;&#x430;&#x43D;&#x43E;&#x432;&#x43B;&#x435;&#x43D;&#x438;&#x435; &#x43F;&#x440;&#x43E;&#x444;&#x435;&#x441;&#x441;&#x438;&#x438; "&#x441;&#x43E;&#x446;&#x438;&#x430;&#x43B;&#x44C;&#x43D;&#x44B;&#x439; &#x440;&#x430;&#x431;&#x43E;&#x442;&#x43D;&#x438;&#x43A;": &#x43C;&#x435;&#x442;&#x43E;&#x434;&#x43E;&#x43B;&#x43E;&#x433;&#x438;&#x438;, &#x43C;&#x43E;&#x434;&#x435;&#x43B;&#x438; &#x438; &#x442;&#x435;&#x445;&#x43D;&#x43E;&#x43B;&#x43E;&#x433;&#x438;&#x438;", &#x43C;&#x435;&#x436;&#x434;&#x443;&#x43D;&#x430;&#x440;&#x43E;&#x434;&#x43D;&#x430;&#x44F; &#x43D;&#x430;&#x443;&#x447;&#x43D;&#x43E;-&#x43F;&#x440;&#x430;&#x43A;&#x442;&#x438;&#x447;&#x435;&#x441;&#x43A;&#x430;&#x44F; &#x418;&#x43D;&#x442;&#x435;&#x440;&#x43D;&#x435;&#x442;-&#x43A;&#x43E;&#x43D;&#x444;&#x435;&#x440;&#x435;&#x43D;&#x446;&#x438;&#x44F;</subfield>
    <subfield code="d">4</subfield>
    <subfield code="f">2014</subfield>
    <subfield code="3">RU\NLR\AUTH\880396759</subfield>
    <subfield code="9">460127</subfield>
  </datafield>
  <datafield tag="801" ind1=" " ind2="0">
    <subfield code="a">RU</subfield>
    <subfield code="b">&#x420;&#x413;&#x411;</subfield>
    <subfield code="c">20150217</subfield>
    <subfield code="g">RCR</subfield>
  </datafield>
  <datafield tag="801" ind1=" " ind2="1">
    <subfield code="a">RU</subfield>
    <subfield code="b">&#x420;&#x413;&#x411;</subfield>
    <subfield code="c">20150217</subfield>
    <subfield code="2">rusmarc</subfield>
  </datafield>
  <datafield tag="942" ind1=" " ind2=" ">
    <subfield code="c">BOOK</subfield>
  </datafield>
  <datafield tag="980" ind1=" " ind2=" ">
    <subfield code="a">NBR</subfield>
  </datafield>
</record>
